000 00482nam a2200169Ia 4500
003 GCL
008 140319s9999 xx 000 0 eng d
040 _aGCL /
_cGCL
082 0 4 _a025.4
_bG M
100 1 _aGRAHAM, JAN
245 1 0 _aMIGATING TO OBJECT TECHNOLOGY - ANCTAUDES FLOPPY DISK /
_cGRAHAM, JAN
260 _a[S.N] :
_bADDISON - WESLEY PUBLISHING COMPANY ،
_c1995
300 _a550
650 0 4 _aشعر الحرب
650 0 4 _aINFORMATION TECHNOLOGY
942 _2ddc
_cBK
999 _c10608
_d10608